Analýza dlhopisu z hľadiska výnosnosti bakalárska práca

Enregistré dans:
Détails bibliographiques
Auteur principal: Almanová, Magdaléna
Collectivité auteur: Fakulta hospodárskej informatiky EU. Katedra matematiky a aktuárstva
Autres auteurs: Kaderová, Andrea
Format: Livre
Langue:slovaque
Publié: Bratislava 2015
Tags: Ajouter un tag
Pas de tags, Soyez le premier à ajouter un tag!

MARC

LEADER 00000nbm a2200000 4500
001 0204184
005 20161212115050.1
041 0 |a slo 
044 |a SK 
245 1 0 |a Analýza dlhopisu z hľadiska výnosnosti  |b bakalárska práca  |c Magdaléna Almanová ; školiteľ: Andrea Kaderová 
264 1 |a Bratislava  |c 2015 
300 |a 38 s. 
100 1 |a Almanová, Magdaléna 
700 1 |a Kaderová, Andrea 
710 2 |a Fakulta hospodárskej informatiky EU. Katedra matematiky a aktuárstva